Evaluación social de proyectos

Gorde:
Xehetasun bibliografikoak
Egile nagusia: Fontaine, Ernesto R (Egilea)
Formatua: Liburua
Hizkuntza:gaztelania
Argitaratua: Santiago Universidad Católica de Chile 1988
Edizioa:5a. ed
Gaiak:
Etiketak: Etiketa erantsi
Etiketarik gabe, Izan zaitez lehena erregistro honi etiketa jartzen!

MARC

LEADER 00000nam a2200000 a 4500
001 UCW9440
003 CL-VaPUC
008 890419e19880000CL |||||||||||||||||spa|d
082 0 4 |a 338.9  |b FON  |2 21 
100 0 |a Fontaine, Ernesto R  |e author  |9 314719 
245 1 0 |a Evaluación social de proyectos 
250 |a 5a. ed 
300 |a 403 p 
942 |c BK 
945 |d 19890419 00:00:00 
260 |a Santiago  |b Universidad Católica de Chile  |c 1988 
650 7 |a PROYECTO DE DESARROLLO ECONOMICO EVALUACION  |2 CL-VaPUC  |9 314720 
583 |a last modification  |c 19890419 00:00:00  |k Rodrigo Vera 
999 |c 221419  |d 221417 
952 |0 0  |1 0  |4 0  |6 338_900000000000000_FON_1988  |7 0  |8 A  |9 214741  |a BIBENE  |b BIBENE  |d 2019-11-15  |i 283281K  |o 338.9 FON 1988  |p 283281K  |r 2025-01-15  |w 2019-11-15  |y BK  |k ICO